000 01721cam a22004817i 4500
001 70789
005 20200727154132.0
008 141020s2014 enka||||||||||001 0|eng|
020 _a9781292026404
_qpbk
020 _a1292026405
_qpbk
035 _a(OCoLC)ocn871481536
035 _a(SE-LIBR)17051134
041 _aeng
050 0 0 _aQM25
_b.H88 2003
050 4 _5Z
_aQP 31
082 0 4 _a611.00222
_222
084 _aVb
_2kssb/8 (machine generated)
245 0 2 _aA brief atlas of the human body /
_cMatt Hutchinson, Jon B. Mallatt, Elaine N. Marieb, Patricia Brady Wilhelm.
246 3 0 _aHuman Body
250 _aSecond edition, Pearson new international edition.
264 1 _aHarlow, Essex :
_bPearson Education,
_c2014
264 4 _c
300 _avi, 190 pages
_bcolour illustrations
_c28 cm.
336 _astill image
_bsti
_2rdacontent
336 _atext
_btxt
_2rdacontent
337 _aunmediated
_bn
_2rdamedia
338 _avolume
_bnc
_2rdacarrier
340 _b28 cm.
490 1 _aPearson custom library
500 _a"Pearson custom library"
500 _aDesigned to complement, Human anatomy & physiology / Elaine N. Marieb, Katja N. Hoehn, Pearson new international edition.
504 _aIncludes index.
655 7 _aAtlases.
_2fast
698 _5Z
_bFysiologi
698 _5Z
_bPhysiology
700 1 _aMarieb, Elaine Nicpon,
_d1936-
_tHuman anatomy and physiology.
700 1 _aMarieb, Elaine Nicpon,
_d1936-
_tHuman anatomy.
700 1 _aHutchinson, Matt
700 1 _aHutchings, R. T.
_0https://libris.kb.se/dbqsvgrx2vz0p3w#it
740 0 _aHuman Anatomy & Physiology.
830 0 _aPearson custom library
900 _6700
_uHutchings, R. T.
999 _c37400
_d37400